Legal control of air pollution: (Record no. 19617)

MARC details
000 -LEADER
fixed length control field 01045cam a22002654a 4500
005 - DATE AND TIME OF LATEST TRANSACTION
control field 20080820115011.0
008 - FIXED-LENGTH DATA ELEMENTS--GENERAL INFORMATION
fixed length control field 080216s2008 ii b 001 0 eng
010 ## - LCCN (DPL NO)
LC control number ENG-92084
020 ## - INTERNATIONAL STANDARD BOOK NUMBER
International Standard Book Number 8120004175
Terms of availability 200.00
020 ## - INTERNATIONAL STANDARD BOOK NUMBER
International Standard Book Number 9781200041758
Terms of availability 200.00
035 ## - SYSTEM CONTROL NUMBER
System control number EN-75617
037 ## - SOURCE OF ACQUISITION
Source of stock number/acquisition DBAD / PUB
040 ## - CATALOGING SOURCE
Original cataloging agency dpl
Language of cataloging English
082 ## - DEWEY DECIMAL CLASSIFICATION NUMBER
Classification number 344.54046342
100 ## - MAIN ENTRY--PERSONAL NAME
Personal name Khan, Nuzhat Parveen
245 ## - TITLE STATEMENT
Title Legal control of air pollution:
Statement of responsibility, etc by Nuzhat Praveen Khan
Remainder of title problems and prespectives /
260 ## - PUBLICATION, DISTRIBUTION, ETC. (IMPRINT)
Name of publisher, distributor, etc Metropolitan Book Co.
Date of publication, distribution, etc 2008
Place of publication, distribution, etc New Delhi
270 ## - ADDRESS
Address 1, Netaji Subhash Marg, Daryaganj,
City New Delhi
Postal code 110002
300 ## - PHYSICAL DESCRIPTION
Extent xxi, 361p.
Dimensions 23cm (Hb)
500 ## - GENERAL NOTE
General note Includes bibliographical references and index
650 ## - SUBJECT ADDED ENTRY--TOPICAL TERM
Topical term or geographic name as entry element Air
General subdivision Pollution
-- Law and legislation.
942 ## - ADDED ENTRY ELEMENTS (KOHA)
Source of classification or shelving scheme Dewey Decimal Classification
Item type English Books
Call number suffix KHA
Classification part 344.54046342
Holdings
Withdrawn status Lost status Source of classification or shelving scheme Damaged status Not for loan Collection code Home library Current library Date acquired Source of acquisition Cost, normal purchase price Total Checkouts Full call number Barcode Date last seen Copy number Cost, replacement price Koha item type
    Dewey Decimal Classification   Not For Loan Non-fiction D.B.Act.Division D.B.Act.Division 10/12/2008 DBAD / PUB 200.00   344.54046342 KHA EN-75617 10/12/2008 1 200.00 English Books

© Delhi Public Library
Hit Counter
free hit counter